00636 2200241 4500001002100000005001500021035002000036007000300056008004100059020001800100082001000118084001600128100001200144245005900156250001000215260003600225300003800261650002900299700001300328504003100341990001100372990001100383INLIS00000000000457620191205102736 a0010-1219000028ta191205 g 0 ind  a9786025568091 a620.1 a620.1 SUW t0 aSUWARDI1 aTeknik Fabrikasi Pengerjaan Logam /cSuwardi, Daryanto acet.1 aYogyakarta :bGava Media,c2018 aviii, 360 hlm. :bilus. ;c23 cm. 4aENJINERING. TEKNIK LOGAM0 aDARYANTO aBibliografi : hlm. 351-360 a7293 a a7293 b